[Event "FIDE World Senior Team Championship 2020"]
[Site "Olympik hotel, Sokolovska 138,"]
[Date "2020.03.09"]
[Round "4.17"]
[White "Lansky, Petr"]
[Black "Karnaukh, Anatolij"]
[Result "1/2-1/2"]
[WhiteElo "1582"]
[BlackElo "2087"]
[PlyCount "115"]
[EventDate "2020.03.06"]
[WhiteTeam "CZE12"]
[BlackTeam "UKR"]

1. e4 e5 2. Nc3 Nf6 3. f4 d5 4. fxe5 Nxe4 5. Nf3 Be7 6. Qe2 Nxc3 7. bxc3 c5 8.
Qf2 O-O 9. Be2 Nc6 10. O-O Qc7 11. d4 f6 12. Qg3 fxe5 13. dxe5 Bf5 14. Bd3 c4
15. Bxf5 Rxf5 16. Bh6 Bc5+ 17. Kh1 Raf8 18. Rfe1 Kh8 19. Be3 Bxe3 20. Rxe3 d4
21. Re4 d3 22. cxd3 cxd3 23. Rd1 Qa5 24. Rxd3 Qxa2 25. Rd7 R5f7 26. e6 Rxd7 27.
exd7 Qd5 28. Re8 Kg8 29. Qf4 Qc5 30. h3 Nd8 31. Qh4 Nf7 32. d8=Q Nxd8 33. Qxd8
h6 34. Rxf8+ Qxf8 35. Qc7 Qa3 36. Nd4 Qa2 37. Qxb7 Qa1+ 38. Kh2 Qxc3 39. Qb8+
Kh7 40. Nb5 Qb4 41. Qe5 a5 42. Nd4 Qb3 43. Qf5+ Kg8 44. Ne6 Qc3 45. Qd5 Qf6 46.
Nc5+ Kh8 47. Qa8+ Kh7 48. Qe4+ Kh8 49. Na4 Qd6+ 50. g3 Qd2+ 51. Qg2 Qb4 52. Qc2
Qd4 53. h4 Qe3 54. Nc5 Qd4 55. Ne6 Qd7 56. Qf5 Kg8 57. h5 Qd2+ 58. Kh3 1/2-1/2

[Event "FIDE World Senior Team Championship 2020"]
[Site "Olympik hotel, Sokolovska 138,"]
[Date "2020.03.09"]
[Round "4.18"]
[White "Nyrhinen, Harri"]
[Black "Burchardt, Brigitte"]
[Result "1/2-1/2"]
[WhiteElo "1985"]
[BlackElo "2075"]
[PlyCount "103"]
[EventDate "2020.03.06"]
[WhiteTeam "FIN1"]
[BlackTeam "GERW"]

1. e4 c5 2. c3 d5 3. exd5 Qxd5 4. d4 Nf6 5. Nf3 Bg4 6. Be2 e6 7. h3 Bf5 8. O-O
Nc6 9. Be3 Be7 10. c4 Qd8 11. dxc5 Qxd1 12. Rxd1 Nd7 13. Nc3 Nxc5 14. Nb5 O-O
15. Nd6 b6 16. Nxf5 exf5 17. Nd4 Nxd4 18. Bxd4 Rfd8 19. Bf3 Rac8 20. Bd5 Bd6
21. Re1 Re8 22. Kf1 Ne6 23. Be5 Bxe5 24. Rxe5 Nd4 25. Rae1 Rxe5 26. Rxe5 Kf8
27. b3 f6 28. Re1 Re8 29. Rd1 Nc2 30. g3 Rd8 31. Bf3 Rxd1+ 32. Bxd1 Nb4 33. a3
Nc6 34. Ke2 Ke7 35. Ke3 Kd6 36. f4 a5 37. Bf3 Ne7 38. Kd4 g5 39. b4 axb4 40.
axb4 gxf4 41. gxf4 Ng6 42. Ke3 Nh4 43. Bb7 Kc7 44. Bd5 Kd6 45. Ba8 Ng6 46. Kf3
h5 47. Bd5 h4 48. Bf7 Ne7 49. Ke3 Nc6 50. b5 Na5 51. Kd3 Nb3 52. Bd5 1/2-1/2

[Event "FIDE World Senior Team Championship 2020"]
[Site "Olympik hotel, Sokolovska 138,"]
[Date "2020.03.09"]
[Round "4.18"]
[White "Wagner-Michel, Annett"]
[Black "Lehtosaari, Kalevi"]
[Result "1/2-1/2"]
[WhiteElo "2025"]
[BlackElo "1998"]
[PlyCount "101"]
[EventDate "2020.03.06"]
[WhiteTeam "GERW"]
[BlackTeam "FIN1"]

1. e4 e5 2. Nf3 Nf6 3. Nxe5 d6 4. Nf3 Nxe4 5. d4 d5 6. Bd3 Bd6 7. O-O O-O 8. c4
c6 9. Re1 Re8 10. Qc2 f5 11. Nc3 Be6 12. cxd5 cxd5 13. Qb3 Qb6 14. Qxb6 axb6
15. Nb5 Bb4 16. Re2 Na6 17. Bf4 Rac8 18. a3 Bf8 19. Rae1 h6 20. h4 Be7 21. g3
g5 22. hxg5 hxg5 23. Bxg5 Bxg5 24. Bxe4 dxe4 25. Nxg5 Bc4 26. Nd6 Bxe2 27. Nxc8
Rxc8 28. Rxe2 Rc1+ 29. Kg2 Rd1 30. f3 Rxd4 31. fxe4 fxe4 32. Nxe4 Nc5 33. Nc3
Kf7 34. Kf3 Rd3+ 35. Kf4 Ne6+ 36. Kg4 Nc5 37. Ne4 Ne6 38. Rd2 Nc5 39. Rxd3 Nxd3
40. b4 Ke6 41. Kf3 Ne5+ 42. Kf4 Nc4 43. Nc3 Nxa3 44. Ke4 Nc4 45. g4 Nd6+ 46.
Kd4 Nf7 47. Ne4 Ne5 48. g5 Nc6+ 49. Kc4 Kf5 50. Nd6+ Kxg5 51. Nxb7 1/2-1/2

[Event "FIDE World Senior Team Championship 2020"]
[Site "Olympik hotel, Sokolovska 138,"]
[Date "2020.03.09"]
[Round "4.18"]
[White "Ruotanen, Helge"]
[Black "Kierzek, Mira"]
[Result "1-0"]
[WhiteElo "1927"]
[BlackElo "1983"]
[PlyCount "97"]
[EventDate "2020.03.06"]
[WhiteTeam "FIN1"]
[BlackTeam "GERW"]

1. g3 e5 2. Bg2 d5 3. d4 e4 4. c4 c6 5. Nc3 h6 6. f3 exf3 7. Nxf3 Nf6 8. O-O
dxc4 9. Ne5 Be6 10. e4 Nbd7 11. Bf4 Nb6 12. Qd2 Bb4 13. Rad1 Qe7 14. a3 Ba5 15.
Qe2 Bxc3 16. bxc3 O-O 17. Bc1 Rad8 18. Rf2 Nfd7 19. Nf3 Bg4 20. h3 Bh5 21. g4
Bg6 22. Re1 Rfe8 23. g5 hxg5 24. Bxg5 f6 25. Nh4 Bh7 26. Bc1 Qe6 27. Nf5 Nf8
28. Qg4 Bxf5 29. Rxf5 g6 30. Rf2 Nbd7 31. Qg3 Qf7 32. e5 Re6 33. Bg5 Nh7 34. d5
Rxe5 35. Rxe5 Nxe5 36. Bxf6 Nxf6 37. Qxe5 Rf8 38. dxc6 bxc6 39. Bxc6 Kg7 40.
Rb2 Kh6 41. Rb7 Nd7 42. Qe3+ g5 43. Bg2 Qf5 44. h4 Ne5 45. hxg5+ Kh5 46. Qxa7
Kxg5 47. Qd4 Kg6 48. a4 Rf6 49. Rb5 1-0

[Event "FIDE World Senior Team Championship 2020"]
[Site "Olympik hotel, Sokolovska 138,"]
[Date "2020.03.09"]
[Round "4.18"]
[White "Kube, Hannelore"]
[Black "Rintakoski, Pentti"]
[Result "1/2-1/2"]
[WhiteElo "1919"]
[BlackElo "1735"]
[PlyCount "56"]
[EventDate "2020.03.06"]
[WhiteTeam "GERW"]
[BlackTeam "FIN1"]

1. c4 c5 2. Nc3 Nf6 3. g3 Nc6 4. Bg2 a6 5. Nf3 e6 6. d4 cxd4 7. Nxd4 Be7 8. O-O
O-O 9. e4 h6 10. a3 Bc5 11. Be3 Ne5 12. Nxe6 dxe6 13. Bxc5 Re8 14. b3 Bd7 15.
Qe2 Bc6 16. Rfd1 Qc8 17. Bd6 Ng6 18. Rd2 e5 19. Rad1 Bd7 20. Nd5 Nxd5 21. Rxd5
Be6 22. Rc5 Qd8 23. Bxe5 Qb6 24. b4 Nxe5 25. Rxe5 Red8 26. h4 Rxd1+ 27. Qxd1
Bxc4 28. Qd7 Be6 1/2-1/2

[Event "FIDE World Senior Team Championship 2020"]
[Site "Olympik hotel, Sokolovska 138,"]
[Date "2020.03.09"]
[Round "4.19"]
[White "Franzen, Thomas"]
[Black "Lahti, Jouko"]
[Result "1-0"]
[WhiteElo "1987"]
[BlackElo "1953"]
[PlyCount "113"]
[EventDate "2020.03.06"]
[WhiteTeam "SWE4"]
[BlackTeam "FIN2"]

1. d4 Nf6 2. Bf4 e6 3. Nf3 c5 4. e3 d5 5. c3 Qb6 6. Qb3 c4 7. Qc2 Nc6 8. b3
cxb3 9. axb3 Nh5 10. Bg3 Be7 11. Nbd2 f5 12. Be2 Bd7 13. Be5 Nf6 14. O-O O-O
15. c4 Nb4 16. Qc3 a5 17. Ne1 Qd8 18. Nd3 Nxd3 19. Qxd3 Bb4 20. f3 Bc6 21. Rfc1
Qd7 22. Nf1 Qf7 23. Qd1 Qg6 24. Bd3 h5 25. Ng3 h4 26. Ne2 Qh6 27. Nf4 Nd7 28.
Qe2 Nxe5 29. dxe5 d4 30. c5 dxe3 31. Qxe3 Rad8 32. g3 Qg5 33. Kf2 Qh6 34. Rd1
Bc3 35. Bc4 Bxa1 36. Rxa1 Bd5 37. Bxd5 exd5 38. Qd4 hxg3+ 39. hxg3 g5 40. Ne2
Qe6 41. Rxa5 Ra8 42. Rb5 Ra2 43. Rb6 Qf7 44. Rf6 Qh5 45. Qxd5+ Rf7 46. Ke3 Kg7
47. Rxf7+ Qxf7 48. e6 Qf6 49. Nd4 Kg6 50. g4 fxg4 51. Qe4+ Kg7 52. Qxb7+ Kh6
53. Qe4 gxf3 54. Nf5+ Kh5 55. Qxf3+ g4 56. Ng3+ Kh6 57. Qxf6+ 1-0

[Event "FIDE World Senior Team Championship 2020"]
[Site "Olympik hotel, Sokolovska 138,"]
[Date "2020.03.09"]
[Round "4.19"]
[White "Ranki, Martti"]
[Black "Isaxon, Alf"]
[Result "0-1"]
[WhiteElo "1914"]
[BlackElo "1949"]
[PlyCount "66"]
[EventDate "2020.03.06"]
[WhiteTeam "FIN2"]
[BlackTeam "SWE4"]

1. d4 f5 2. c4 g6 3. Nc3 Nf6 4. g3 Bg7 5. Bg2 O-O 6. Nf3 d6 7. O-O Nc6 8. b3 e5
9. dxe5 dxe5 10. Bb2 e4 11. Ng5 h6 12. Nh3 Qe8 13. Nf4 g5 14. Nfd5 Nxd5 15.
cxd5 Ne5 16. Qd2 b6 17. f3 exf3 18. exf3 Ba6 19. Rfe1 Qh5 20. Na4 Rae8 21. Rac1
Qf7 22. Re3 g4 23. Rce1 Nxf3+ 24. Bxf3 gxf3 25. Bxg7 Kxg7 26. Rxf3 Rxe1+ 27.
Qxe1 Qxd5 28. Re3 Bb7 29. Qc3+ Kg6 30. Kf1 Rd8 31. g4 Qg2+ 32. Ke1 Qg1+ 33. Ke2
Qd1+ 0-1

[Event "FIDE World Senior Team Championship 2020"]
[Site "Olympik hotel, Sokolovska 138,"]
[Date "2020.03.09"]
[Round "4.19"]
[White "Johansson, Bjorn"]
[Black "Alkkiomaki, Jyrki"]
[Result "0-1"]
[WhiteElo "1949"]
[BlackElo "1887"]
[PlyCount "122"]
[EventDate "2020.03.06"]
[WhiteTeam "SWE4"]
[BlackTeam "FIN2"]

1. c4 e6 2. e4 d5 3. cxd5 exd5 4. exd5 Qxd5 5. Nc3 Qa5 6. Bc4 Bd6 7. Nf3 Ne7 8.
O-O O-O 9. d4 Bg4 10. Qd3 Qh5 11. h3 Bxf3 12. Qxf3 Qxf3 13. gxf3 Nbc6 14. Be3
Nf5 15. Rad1 Rfe8 16. Ne4 Be7 17. Bb5 a6 18. Bxc6 bxc6 19. Rc1 Nh4 20. Nd2 Bb4
21. Nc4 Nxf3+ 22. Kg2 Nh4+ 23. Kg3 Nf5+ 24. Kf4 g6 25. a3 Bf8 26. Kf3 Bg7 27.
Ne5 Bxe5 28. dxe5 Rxe5 29. Rxc6 Rb5 30. b4 a5 31. Rc5 Rxc5 32. Bxc5 axb4 33.
Bxb4 c6 34. Rd1 Kg7 35. Rd7 Kf6 36. Rc7 Ra6 37. Kf4 Ke6 38. Ke4 h6 39. Rc8 Nd6+
40. Bxd6 Kxd6 41. Rd8+ Ke7 42. Rc8 Rxa3 43. Rxc6 Rxh3 44. Kf4 Rh5 45. Rc7+ Kf6
46. Rc6+ Kg7 47. Kg4 Rf5 48. Kg3 h5 49. Rc4 Kh6 50. f4 f6 51. Rc6 Kg7 52. Rc7+
Kh6 53. Rc6 g5 54. fxg5+ Kxg5 55. Rc4 Ra5 56. Rc3 f5 57. Rf3 Re5 58. Rb3 h4+
59. Kf3 f4 60. Rb8 Re3+ 61. Kf2 h3 {unreadable (78)} 0-1

[Event "FIDE World Senior Team Championship 2020"]
[Site "Olympik hotel, Sokolovska 138,"]
[Date "2020.03.09"]
[Round "4.19"]
[White "Kauko, Pekka"]
[Black "Johansson, Bertil"]
[Result "1-0"]
[WhiteElo "1868"]
[BlackElo "1876"]
[PlyCount "63"]
[EventDate "2020.03.06"]
[WhiteTeam "FIN2"]
[BlackTeam "SWE4"]

1. c4 e5 2. g3 Nf6 3. Nc3 Nc6 4. Bg2 Bb4 5. Nf3 O-O 6. O-O Re8 7. Nd5 Nxd5 8.
cxd5 Nd4 9. e4 d6 10. Nxd4 exd4 11. d3 c5 12. dxc6 bxc6 13. Qa4 c5 14. a3 Ba5
15. b4 Bb6 16. e5 Rb8 17. exd6 Bf5 18. Qb3 h6 19. Bf4 Bd7 20. Rfe1 Qf6 21. bxc5
Bxc5 22. Qd5 Bb6 23. Re7 Be6 24. Qb5 Red8 25. Be5 Qf5 26. Be4 Bd7 27. Bxf5 Bxb5
28. d7 Rb7 29. Rc1 Bxd7 30. Be4 Kf8 31. Bd6 Bc7 32. Rxd7+ 1-0

[Event "FIDE World Senior Team Championship 2020"]
[Site "Olympik hotel, Sokolovska 138,"]
[Date "2020.03.09"]
[Round "4.20"]
[White "Galandauer, Jan"]
[Black "James, Kevin"]
[Result "0-1"]
[WhiteElo "1949"]
[BlackElo "1924"]
[PlyCount "41"]
[EventDate "2020.03.06"]
[WhiteTeam "CZE7"]
[BlackTeam "IRL"]

1. e4 c6 2. d4 d5 3. e5 c5 4. c3 cxd4 5. cxd4 Nc6 6. f4 Qb6 7. Nf3 Bg4 8. Nc3
e6 9. Bb5 Bb4 10. O-O Nge7 11. Qd3 Bf5 12. Qe2 a6 13. Ba4 Qa5 14. Bd2 b5 15.
Bb3 Qb6 16. Be3 Rc8 17. a4 Bxc3 18. bxc3 Na5 19. Bd1 O-O 20. axb5 axb5 21. Rb1
0-1

[Event "FIDE World Senior Team Championship 2020"]
[Site "Olympik hotel, Sokolovska 138,"]
[Date "2020.03.09"]
[Round "4.20"]
[White "Gibson, John F"]
[Black "Pavlicek, Petr"]
[Result "1/2-1/2"]
[WhiteElo "1830"]
[BlackElo "1898"]
[PlyCount "37"]
[EventDate "2020.03.06"]
[WhiteTeam "IRL"]
[BlackTeam "CZE7"]

1. c4 e6 2. Nc3 d5 3. d4 Be7 4. g3 Nf6 5. Bg2 O-O 6. b3 c6 7. Nf3 Nbd7 8. O-O
Re8 9. Qc2 Nf8 10. e4 dxe4 11. Nxe4 Ng6 12. Rd1 Qc7 13. h3 e5 14. dxe5 Nxe5 15.
Nxe5 Qxe5 16. Bb2 Qe6 17. Ng5 Qf5 18. Qxf5 Bxf5 19. Nf3 1/2-1/2

[Event "FIDE World Senior Team Championship 2020"]
[Site "Olympik hotel, Sokolovska 138,"]
[Date "2020.03.09"]
[Round "4.20"]
[White "Tejkal, Jiri"]
[Black "Lynch, Peter J"]
[Result "1/2-1/2"]
[WhiteElo "1875"]
[BlackElo "1645"]
[PlyCount "45"]
[EventDate "2020.03.06"]
[WhiteTeam "CZE7"]
[BlackTeam "IRL"]

1. d4 d5 2. Nf3 Nf6 3. e3 e6 4. Bd3 Bd6 5. O-O O-O 6. Nbd2 Nbd7 7. Qe2 Re8 8.
b3 e5 9. dxe5 Nxe5 10. h3 Qe7 11. Bb2 c5 12. Nxe5 Bxe5 13. Bxe5 Qxe5 14. Nf3
Qe7 15. Qd2 Bd7 16. Rfe1 Rad8 17. Qa5 a6 18. Qc7 Bc6 19. Qf4 Ne4 20. c4 g6 21.
Rac1 Kg7 22. cxd5 Rxd5 23. Bxe4 1/2-1/2

[Event "FIDE World Senior Team Championship 2020"]
[Site "Olympik hotel, Sokolovska 138,"]
[Date "2020.03.09"]
[Round "4.21"]
[White "Virtanen, Esko"]
[Black "Johnsen, Oystein"]
[Result "0-1"]
[WhiteElo "1723"]
[BlackElo "1971"]
[PlyCount "29"]
[EventDate "2020.03.06"]
[WhiteTeam "FIN3"]
[BlackTeam "NOR2"]

1. Nf3 d5 2. d4 Nf6 3. c4 c6 4. Nc3 a6 5. a4 e6 6. e3 Bd6 7. Be2 O-O 8. O-O
Nbd7 9. b3 Qe7 10. c5 Bc7 11. b4 Ne4 12. Qc2 f5 13. g3 Rf6 14. Bb2 Rh6 15. Qxe4
0-1

[Event "FIDE World Senior Team Championship 2020"]
[Site "Olympik hotel, Sokolovska 138,"]
[Date "2020.03.09"]
[Round "4.21"]
[White "Taksrud, Vidar"]
[Black "Walta, Paivi"]
[Result "1-0"]
[WhiteElo "1910"]
[BlackElo "1681"]
[PlyCount "89"]
[EventDate "2020.03.06"]
[WhiteTeam "NOR2"]
[BlackTeam "FIN3"]

1. Nf3 c5 2. c4 Nc6 3. Nc3 g6 4. d4 cxd4 5. Nxd4 Bg7 6. e3 Nf6 7. Be2 O-O 8.
O-O d6 9. Nxc6 bxc6 10. Bf3 Bb7 11. Qc2 Qc8 12. c5 d5 13. Rd1 e5 14. b4 Rd8 15.
Bb2 Rb8 16. a4 e4 17. Be2 a6 18. b5 cxb5 19. axb5 axb5 20. Nxb5 Qe6 21. Nd4 Qe8
22. Bb5 Qe5 23. Ne2 Qc7 24. h3 Rbc8 25. Bd4 Nd7 26. Rdc1 Nb8 27. Qb2 Bxd4 28.
Nxd4 Bc6 29. Bf1 Qe5 30. Qb6 Rc7 31. Rcb1 Rdc8 32. Ra7 Nd7 33. Qa6 Nxc5 34.
Rxc7 Qxc7 35. Qa3 Ne6 36. Nxe6 fxe6 37. Rc1 Qd7 38. Qb4 Rc7 39. Qc5 d4 40. exd4
Qf7 41. Bb5 Qf4 42. Bxc6 e3 43. fxe3 Qxe3+ 44. Kh1 g5 45. d5 1-0

[Event "FIDE World Senior Team Championship 2020"]
[Site "Olympik hotel, Sokolovska 138,"]
[Date "2020.03.09"]
[Round "4.21"]
[White "Lindholm, Pertti"]
[Black "Henrichsen, Erland"]
[Result "0-1"]
[WhiteElo "1618"]
[BlackElo "1901"]
[PlyCount "50"]
[EventDate "2020.03.06"]
[WhiteTeam "FIN3"]
[BlackTeam "NOR2"]

1. d4 Nf6 2. c4 c5 3. Nf3 g6 4. Bf4 Bg7 5. e3 O-O 6. Be2 cxd4 7. Nxd4 e5 8. Nc3
exf4 9. exf4 d5 10. cxd5 Nxd5 11. Nxd5 Qxd5 12. Nf3 Qa5+ 13. Qd2 Qxd2+ 14. Nxd2
Bxb2 15. Rd1 Re8 16. Nc4 Bc3+ 17. Kf1 Nc6 18. Rd3 Bb4 19. g4 Be6 20. Ne3 Bxa2
21. f5 Ne5 22. Rd4 Bc5 23. Rd2 Bxe3 24. fxe3 Bc4 25. Rg1 Nf3 0-1

[Event "FIDE World Senior Team Championship 2020"]
[Site "Olympik hotel, Sokolovska 138,"]
[Date "2020.03.09"]
[Round "4.21"]
[White "Thjomoe, Hans Richard"]
[Black "Ristoja, Aulikki"]
[Result "1-0"]
[WhiteElo "1874"]
[BlackElo "1564"]
[PlyCount "97"]
[EventDate "2020.03.06"]
[WhiteTeam "NOR2"]
[BlackTeam "FIN3"]

1. e4 d5 2. exd5 Qxd5 3. Nc3 Qa5 4. d4 c6 5. Nf3 Bg4 6. Be2 e6 7. O-O Nf6 8. h3
Bxf3 9. Bxf3 Bd6 10. Bd2 Qb6 11. Bc1 Nbd7 12. Na4 Qd8 13. c4 O-O 14. Nc3 Bb8
15. Ne2 Re8 16. Bg5 h6 17. Bh4 e5 18. d5 e4 19. Bg4 Ne5 20. Qb3 cxd5 21. Rad1
Qc7 22. Bg3 Qxc4 23. Qxb7 Qc6 24. Qb3 Nfxg4 25. hxg4 Nxg4 26. Rxd5 Bxg3 27.
Nxg3 Rab8 28. Qd1 Nf6 29. Rd6 Qc8 30. b3 Rb6 31. Rxb6 axb6 32. Re1 Qa8 33. Qc2
g6 34. a4 h5 35. Qc3 Nd5 36. Qd4 f5 37. Rd1 Rd8 38. Ne2 Kf7 39. Qc4 Kf6 40.
Qd4+ Ke6 41. Nf4+ Nxf4 42. Qxd8 Qxd8 43. Rxd8 Ke5 44. b4 Nd5 45. a5 Nxb4 46.
axb6 Nc6 47. b7 Ke6 48. Rc8 Ne7 49. b8=Q 1-0

[Event "FIDE World Senior Team Championship 2020"]
[Site "Olympik hotel, Sokolovska 138,"]
[Date "2020.03.09"]
[Round "4.24"]
[White "Niebuhr, Gerd"]
[Black "Farrand, Julian T"]
[Result "0-1"]
[WhiteElo "1927"]
[BlackElo "1942"]
[PlyCount "30"]
[EventDate "2020.03.06"]
[WhiteTeam "GER11"]
[BlackTeam "ENG2"]

1. d4 d6 2. Nf3 f5 3. g3 Nf6 4. Bg2 g6 5. Nbd2 Bg7 6. c3 O-O 7. b4 Kh8 8. O-O
Qe8 9. Qc2 a5 10. Bb2 e5 11. dxe5 dxe5 12. c4 f4 13. Ne4 Bf5 14. Nh4 Nxe4 15.
bxa5 Nxg3 0-1

[Event "FIDE World Senior Team Championship 2020"]
[Site "Olympik hotel, Sokolovska 138,"]
[Date "2020.03.09"]
[Round "4.24"]
[White "Valentine, Brian J"]
[Black "Juergens, Peter"]
[Result "1/2-1/2"]
[WhiteElo "1942"]
[BlackElo "1843"]
[PlyCount "106"]
[EventDate "2020.03.06"]
[WhiteTeam "ENG2"]
[BlackTeam "GER11"]

1. e4 e6 2. d4 d5 3. Nc3 Bb4 4. e5 c5 5. a3 Bxc3+ 6. bxc3 Ne7 7. Qg4 O-O 8. Bd3
f5 9. exf6 Rxf6 10. Bg5 Rf7 11. Qh5 g6 12. Qd1 Qa5 13. Bd2 Nbc6 14. Nf3 Qc7 15.
O-O e5 16. Nxe5 Nxe5 17. dxe5 Qxe5 18. Rb1 b6 19. a4 Bf5 20. a5 Qc7 21. axb6
axb6 22. Rb2 Bxd3 23. cxd3 Qc6 24. Qg4 Re8 25. Rfb1 Nc8 26. h4 Qd7 27. Qxd7
Rxd7 28. Bf4 Rde7 29. g3 Kf7 30. Kf1 Ra7 31. d4 c4 32. Rb5 Rd8 33. Bb8 Rb7 34.
Bf4 Ra7 35. Ke2 Rdd7 36. Kd2 Ra2+ 37. R5b2 Rda7 38. Kc2 Ke6 39. Re1+ Kd7 40.
Bb8 R7a6 41. Bf4 b5 42. h5 Rxb2+ 43. Kxb2 Re6 44. Rxe6 Kxe6 45. hxg6 hxg6 46.
Ka3 Kd7 47. Be5 Ne7 48. g4 Nc6 49. f4 Ke6 50. Bg7 Kf7 51. Be5 Ke6 52. Bg7 Kf7
53. Be5 Ke6 1/2-1/2

[Event "FIDE World Senior Team Championship 2020"]
[Site "Olympik hotel, Sokolovska 138,"]
[Date "2020.03.09"]
[Round "4.24"]
[White "Hellwege, Werner"]
[Black "Ewart, Brian R"]
[Result "1/2-1/2"]
[WhiteElo "1825"]
[BlackElo "1867"]
[PlyCount "96"]
[EventDate "2020.03.06"]
[WhiteTeam "GER11"]
[BlackTeam "ENG2"]

1. d4 e6 2. c4 f5 3. g3 Nf6 4. Bg2 Be7 5. Nc3 O-O 6. e4 fxe4 7. Nxe4 Qe8 8. Nh3
Nc6 9. O-O d6 10. Nf4 e5 11. dxe5 dxe5 12. Nxf6+ Bxf6 13. Nd5 Bd8 14. Be3 Ne7
15. Bc5 Nf5 16. Bxf8 Qxf8 17. Qe2 Nd4 18. Qxe5 Nc6 19. Qf4 Qxf4 20. Nxf4 Bf6
21. Bd5+ Kf8 22. Rab1 Nd4 23. b3 Bf5 24. Rbe1 c6 25. Bg2 Be7 26. Kh1 g5 27. Ne2
Nxe2 28. Rxe2 Bd3 29. Rxe7 Kxe7 30. Re1+ Kf6 31. Rd1 Bf5 32. h3 Re8 33. g4 Bg6
34. Rd2 h5 35. c5 hxg4 36. hxg4 a5 37. a3 Be4 38. Rd6+ Ke5 39. Rd7 Rh8+ 40. Kg1
Rh7 41. Rd6 Rf7 42. Rd2 Rf4 43. Bxe4 Kxe4 44. Rd7 Rxg4+ 45. Kf1 Rf4 46. Rxb7
Kd5 47. b4 Rf3 48. bxa5 Rxa3 1/2-1/2

[Event "FIDE World Senior Team Championship 2020"]
[Site "Olympik hotel, Sokolovska 138,"]
[Date "2020.03.09"]
[Round "4.24"]
[White "Goldrick, Thomas G"]
[Black "Fritsch, Juergen"]
[Result "1-0"]
[WhiteElo "1850"]
[BlackElo "1793"]
[PlyCount "81"]
[EventDate "2020.03.06"]
[WhiteTeam "ENG2"]
[BlackTeam "GER11"]

1. d4 d5 2. Bf4 Nf6 3. e3 Nc6 4. Nf3 g6 5. Nc3 Nh5 6. Bg5 f6 7. Bh4 Ng7 8. Bg3
Nh5 9. Qd2 Nxg3 10. hxg3 Bg7 11. O-O-O Bg4 12. Bd3 Qd7 13. Rxh7 Kf7 14. Rhh1 a6
15. Rde1 b5 16. Nh4 Bh5 17. g4 Qxg4 18. f3 Qg3 19. Rh3 Qg5 20. Reh1 Nb4 21. g4
Nxd3+ 22. Qxd3 Bh6 23. Nd1 Bxg4 24. fxg4 Qxg4 25. Nf2 Qg5 26. Kd2 Kg7 27. Nf3
Qf5 28. Qxf5 gxf5 29. Nd3 e6 30. Nc5 Rae8 31. Nxa6 Re7 32. Nc5 c6 33. Nh4 f4
34. exf4 Bxf4+ 35. Ke2 Bg5 36. Nf3 Rxh3 37. Rxh3 Re8 38. Nxg5 fxg5 39. Nd7 Ra8
40. a3 Rc8 41. Rc3 1-0

[Event "FIDE World Senior Team Championship 2020"]
[Site "Olympik hotel, Sokolovska 138,"]
[Date "2020.03.09"]
[Round "4.25"]
[White "Fleuch, Hans-Juergen"]
[Black "Mozna, Eva"]
[Result "1-0"]
[WhiteElo "1948"]
[BlackElo "1907"]
[PlyCount "65"]
[EventDate "2020.03.06"]
[WhiteTeam "GER10"]
[BlackTeam "CZEW"]

1. e4 c5 2. c3 d6 3. d4 cxd4 4. cxd4 g6 5. Nf3 Bg7 6. Nc3 Nc6 7. Be2 Nf6 8. O-O
O-O 9. h3 h6 10. Be3 b6 11. Qd2 Kh7 12. Rfd1 Bb7 13. d5 Nb8 14. Rac1 Nbd7 15.
Nd4 Nc5 16. f3 Ba6 17. b4 Bxe2 18. Qxe2 Nb7 19. Ncb5 a6 20. Nc7 Rc8 21. Nxa6
Qd7 22. Nc6 Nd8 23. Nxd8 Qxd8 24. Rxc8 Qxc8 25. Bxb6 Qb7 26. Be3 Ne8 27. a4 f5
28. Qb5 Qxb5 29. axb5 Nf6 30. b6 Nd7 31. b7 Nb8 32. b5 fxe4 33. fxe4 1-0

[Event "FIDE World Senior Team Championship 2020"]
[Site "Olympik hotel, Sokolovska 138,"]
[Date "2020.03.09"]
[Round "4.25"]
[White "Pribylova, Ruzena"]
[Black "Strauss, Peter"]
[Result "0-1"]
[WhiteElo "1823"]
[BlackElo "1841"]
[PlyCount "110"]
[EventDate "2020.03.06"]
[WhiteTeam "CZEW"]
[BlackTeam "GER10"]

1. e4 c5 2. Nf3 d6 3. d4 cxd4 4. Nxd4 Nf6 5. Nc3 a6 6. Be3 e5 7. Nb3 Be7 8. Be2
Be6 9. O-O Nbd7 10. f3 Rc8 11. f4 Qc7 12. f5 Bc4 13. Bxc4 Qxc4 14. Qf3 O-O 15.
Rad1 Rfe8 16. g4 d5 17. Nxd5 Qxe4 18. Nxe7+ Rxe7 19. Qxe4 Nxe4 20. c3 f6 21.
Rd5 b6 22. Rfd1 Rc7 23. Kf1 a5 24. Nd2 Nec5 25. Nc4 Na4 26. R1d2 Rxc4 27. Rxd7
Rxd7 28. Rxd7 Rxg4 29. Bc1 h5 30. Kf2 h4 31. h3 Rg3 32. c4 Rxh3 33. b3 Nc3 34.
Be3 Ne4+ 35. Ke2 Ng3+ 36. Kf2 Nxf5 37. Bxb6 Rh2+ 38. Kf3 Rxa2 39. Kg4 g6 40.
Bc5 Rg2+ 41. Kf3 Rg3+ 42. Kf2 Rxb3 43. Rd8+ Kf7 44. Rf8+ Ke6 45. Re8+ Kd7 46.
Rf8 Ng3 47. Ba7 a4 48. Kg2 Ne4 49. c5 a3 50. Bb6 g5 51. Rd8+ Kc6 52. Rc8+ Kb7
53. Rc7+ Kb8 54. Ra7 g4 55. Ra4 Rb2+ 0-1

[Event "FIDE World Senior Team Championship 2020"]
[Site "Olympik hotel, Sokolovska 138,"]
[Date "2020.03.09"]
[Round "4.25"]
[White "Fitzke, Ulrich"]
[Black "Modrova, Hana"]
[Result "1/2-1/2"]
[WhiteElo "1803"]
[BlackElo "1810"]
[PlyCount "48"]
[EventDate "2020.03.06"]
[WhiteTeam "GER10"]
[BlackTeam "CZEW"]

1. d4 d6 2. c4 Nf6 3. Nc3 c6 4. e3 Bg4 5. Be2 Bxe2 6. Qxe2 g6 7. Nf3 Nbd7 8.
O-O Bg7 9. b3 O-O 10. Bb2 Re8 11. Rfd1 Qc7 12. Rac1 e5 13. dxe5 dxe5 14. e4
Rad8 15. Rc2 Nh5 16. g3 Nc5 17. Rcd2 Rxd2 18. Qxd2 f6 19. Ba3 Bf8 20. Bb2 Ne6
21. Qd7 Qxd7 22. Rxd7 Re7 23. Rd1 Re8 24. Rd7 Re7 1/2-1/2

[Event "FIDE World Senior Team Championship 2020"]
[Site "Olympik hotel, Sokolovska 138,"]
[Date "2020.03.09"]
[Round "4.25"]
[White "Sunkova, Marie"]
[Black "Baumgarten, Werner"]
[Result "1/2-1/2"]
[WhiteElo "1837"]
[BlackElo "1769"]
[PlyCount "54"]
[EventDate "2020.03.06"]
[WhiteTeam "CZEW"]
[BlackTeam "GER10"]

1. d4 Nf6 2. c4 e6 3. Nc3 c5 4. Nf3 cxd4 5. Nxd4 a6 6. e4 d6 7. Bd3 Nc6 8. Nxc6
bxc6 9. O-O Be7 10. Bf4 Qc7 11. c5 e5 12. cxd6 Bxd6 13. Be3 O-O 14. f3 Be6 15.
Qe2 a5 16. b3 Qe7 17. Rac1 Rfc8 18. Na4 Nd7 19. Rfd1 h6 20. Rc2 Ba3 21. Bc4 Rc7
22. Bxe6 Qxe6 23. Nc5 Nxc5 24. Bxc5 Bxc5+ 25. Rxc5 a4 26. b4 a3 27. Qd2 Rb7
1/2-1/2